书目信息 |
| 题名: |
历史仍未超越
|
|
| 作者: | 郭一江 摄 | |
| 分册: | ||
| 出版信息: | 上海 文汇出版社 2021.11 |
|
| 页数: | 235页 | |
| 开本: | 25×25cm | |
| 丛书名: | ||
| 单 册: | ||
| 中图分类: | G843.732-64 | |
| 科图分类: | ||
| 主题词: | 男子项目--足球运动--杯赛--概况--中国--2001-2002--摄影集 | |
| 电子资源: | ||
| ISBN: | 978-7-5496-3671-6 | |
| 000 | 00909nam0 2200241 450 | |
| 001 | 012001000440 | |
| 005 | 20141201142606.0 | |
| 010 | @a978-7-5496-3671-6@b精装@dCNY128.00 | |
| 100 | @a20220905d2021 em y0chiy50 ea | |
| 101 | 0 | @achi |
| 102 | @aCN@b310000 | |
| 105 | @aa z 000yy | |
| 106 | @ar | |
| 200 | 1 | @a历史仍未超越@Ali shi reng wei chao yue@e2001-2002征战韩日世界杯影像纪实@f郭一江摄 |
| 210 | @a上海@c文汇出版社@d2021.11 | |
| 215 | @a235页@c彩图,彩照@d25×25cm | |
| 330 | @a本书共三部分,五里河的辉煌为第一部分,小组赛、十强赛进球队员功臣为第二部分。第三部分是韩国世界杯的三场比赛。以人为主,叙事为辅。展示了体育摄影的魅力。 | |
| 510 | 1 | @aHistory has not yet surpassed@zeng |
| 606 | 0 | @a男子项目@x足球运动@x杯赛@x概况@y中国@z2001-2002@j摄影集 |
| 690 | @aG843.732-64@v5 | |
| 701 | 0 | @a郭一江@Aguo yi jiang@4摄 |
| 801 | 0 | @aCN@bAHXH@c20221111 |
| 905 | @b1362140-2@dG843.732-64@e2062@f3 | |
| 历史仍未超越:2001-2002征战韩日世界杯影像纪实/郭一江摄.-上海:文汇出版社,2021.11 |
| 235页:彩图,彩照;25×25cm |
| ISBN 978-7-5496-3671-6(精装):CNY128.00 |
| 本书共三部分,五里河的辉煌为第一部分,小组赛、十强赛进球队员功臣为第二部分。第三部分是韩国世界杯的三场比赛。以人为主,叙事为辅。展示了体育摄影的魅力。 |
| ● |
| 相关链接 |
|
|
|
|
正题名:历史仍未超越
索取号:G843.732-64/2062
 
预约/预借
| 序号 | 登录号 | 条形码 | 馆藏地/架位号 | 状态 | 备注 |
| 1 | 1362140 | 213621400 | 第一样本阅览室/ [索取号:G843.732-64/2062] | 在馆 | |
| 2 | 1362141 | 213621419 | 第四借阅区/ [索取号:G843.732-64/2062] | 在馆 | |
| 3 | 1362142 | 213621428 | 第四借阅区/ [索取号:G843.732-64/2062] | 在馆 |